Musicians By Initial: The Letter - R - Statistics

General Stats
  • This quiz has been taken 158 times
  • The average score is 9 of 23
Answer Stats
Inits Clue Answer % Correct
RA He's Never Gonna Give You Up Rick Astley
96%
RS Beatles drummer Ringo Starr
95%
RP Led Zeppelin vocalist Robert Plant
81%
RV Did Let's Go and La Bamba. Died in the same plane crash as Buddy Holly and the Big Bopper Ritchie Valens
76%
RW Has had a successful solo career after being a member of Take That Robbie Williams
72%
RT Name shared by drummers for Queen and Duran Duran Roger Taylor
63%
RD Kinks frontman Ray Davies
54%
RN American pianist singer-songwriter. Best known for his US hit Short People Randy Newman
45%
RH Singer songwriter who likes Pina Coladas Rupert Holmes
38%
RJ 1930's Blues legend. Said to have sold his soul to the devil at a crossroads Robert Johnson
37%
RK Member of the Irish boy band Boyzone Ronan Keating
37%
RR Guitarist and songwriter with The Band Robbie Robertson
34%
RO Vocalist with the Cars Ric Ocasek
32%
RI Lead singer on the 1966 hit This Old Heart Of Mine Ronald Isley
32%
RY American singer best known for her 1975 disco hit Sending Out An S.O.S. Retta Young
31%
RM Keyboard player with the Doors Ray Manzarek
26%
RC American singer. She sang a Rainy Night In Georgia, Almaz and One Day I'll Fly Away Randy Crawford
19%
RG He was a Fine Young Cannibal Roland Gift
19%
RZ Lead vocalist for Cheap Trick Robin Zander
18%
RL Bass player for both the Small Faces and the Faces Ronnie Lane
17%
RB Drummer with The Jam Rick Buckler
10%
RE American songwriter and film score composer. Had a UK hit with The Uptown, Uptempo Woman Randy Edelman
7%
RF Singer and songwriter for the Go-Betweens Robert Forster
6%
No matching quizzes found
Score Distribution
Percent of People with Each Score
Percentile by Number Answered
Your Score History
You have not taken this quiz